Les pilotes Mercedes en Formule 1 - Statistiques

Statistiques générales
  • Ce quiz a été pris 4 332 fois
    358 depuis la dernière actualisation
  • Le résultat moyen est 7 sur 13
Statistiques - réponses
Nb de Grands Prix Saisons Nationalité Pilote % Correct
246 2013-2024 Royaume-Uni Lewis Hamilton
100%
85 2020, 2022- Royaume-Uni George Russell
96%
101 2017-2021 Finlande Valtteri Bottas
96%
16 2025 Italie Andrea Kimi Antonelli
95%
136 2010-2016 Allemagne Nico Rosberg
94%
58 2010-2012 Allemagne Michael Schumacher
89%
12 1954-1955 Argentine Juan Manuel Fangio
68%
6 1955 Royaume-Uni Stirling Moss
20%
2 1955 Italie Piero Taruffi
6%
1 1955 France André Simon
4%
6 1954-1955 Allemagne Hans Herrmann
4%
11 1954-1955 Allemagne Karl Kling
4%
1 1954 Allemagne Hermann Lang
2%
Aucun quiz correspondant
Distribution des résultats
% des personnes avec chaque résultat
Percentile par nombre de réponses
Votre historique - résultats
Vous n’avez pas pris ce quiz depuis la dernière actualisation